Get the Picture: Where's 'S' in USA? Quiz Stats

 Plays Quiz Updated Mar 2, 2019

Score 0/12 Timer 02:00
5 Plays Today
Question Answer Wrong Answers
Seattle Northwest
96.5%
Northeast
1.3%
Southwest
0.4%
Southeast
0.6%
Santa Fe Southwest
93.3%
Northwest
3.3%
Northeast
0.7%
Southeast
1.5%
San Antonio Southwest
92.8%
Northwest
2%
Northeast
0.7%
Southeast
3.4%
Savannah Southeast
90.9%
Northwest
3.1%
Northeast
1.5%
Southwest
3.4%
Salt Lake City Northwest
90%
Northeast
2%
Southwest
6%
Southeast
0.9%
San Diego Southwest
89.6%
Northwest
7.8%
Northeast
0.5%
Southeast
0.8%
Syracuse Northeast
88.9%
Northwest
3.5%
Southwest
2.3%
Southeast
3.8%
St. Paul Northeast
87%
Northwest
6.5%
Southwest
1.4%
Southeast
3.8%
Stamford Northeast
85.8%
Northwest
6.2%
Southwest
2.8%
Southeast
4%
San Francisco Northwest
83.3%
Northeast
0.4%
Southwest
14.8%
Southeast
0.4%
St. Petersburg Southeast
80.3%
Northwest
4.1%
Northeast
12.9%
Southwest
1.4%
Shreveport Southeast
74.9%
Northwest
4.4%
Northeast
16.7%
Southwest
2.4%

Today's Daily Dose

You're not logged in!

Compare scores with friends on all Sporcle quizzes.
OR
Log In

Sporcle TV

Today on Sporcle TV


Watch our educational content, quiz creation guides, and fun videos on Sporcle TV.

Show Comments

Extras

Top Quizzes Today


Score Distribution

Your Account Isn't Verified!

In order to create a playlist on Sporcle, you need to verify the email address you used during registration. Go to your Sporcle Settings to finish the process.

Report this User

Report this user for behavior that violates our Community Guidelines.

Details: